El empleo en Colombia 1998 : (Registro nro. 11807)

Detalles MARC
000 -LEADER
fixed length control field 01255nam a2200217Ia 4500
003 - CONTROL NUMBER IDENTIFIER
control field OSt
005 - DATE AND TIME OF LATEST TRANSACTION
control field 20210526134921.0
008 - FIXED-LENGTH DATA ELEMENTS--GENERAL INFORMATION
fixed length control field 210310s1998 ck gr 000 0 spa d
040 ## - CATALOGING SOURCE
Original cataloging agency CO-JMCR
Transcribing agency CO-JMCR
041 0# - LANGUAGE CODE
Language code of text/sound track or separate title spa
082 04 - DEWEY DECIMAL CLASSIFICATION NUMBER
Classification number 331.12 /
Item number L662e
Edition number 23
100 1# - MAIN ENTRY--PERSONAL NAME
Personal name López Castaño, Hugo,
Relator term autor
9 (RLIN) 26438
245 13 - TITLE STATEMENT
Title El empleo en Colombia 1998 :
Remainder of title situación actual y desafíos futuros /
Statement of responsibility, etc. Hugo López Castaño, Jesús Botero García Remberto Rhenals M.
260 ## - PUBLICATION, DISTRIBUTION, ETC.
Place of publication, distribution, etc. Medellín, Colombia :
Name of publisher, distributor, etc. Departamento Nocional de Planeación,
Date of publication, distribution, etc. 1998.
300 ## - PHYSICAL DESCRIPTION
Extent iv, [168] páginas ;
Dimensions 28 cm.
505 ## - FORMATTED CONTENTS NOTE
Formatted contents note Coyuntura reciente del mercado laboral y retos futuros para la generación de empleo. -- Perspectivas futuras del crecimiento y el empleo: un análisis mediante equilibrio general computable. -- Desempleo friccional y estructural y búsqueda de empleo. -- Educación, capacitación y mercado laboral: la educación superior y la formación para el trabajo. -- Importancia y perspectivas del empleo informal. -- Pobreza y mercado laboral en el sector rural.
650 14 - SUBJECT ADDED ENTRY--TOPICAL TERM
Topical term or geographic name entry element Empleo
Geographic subdivision Colombia
9 (RLIN) 26499
650 24 - SUBJECT ADDED ENTRY--TOPICAL TERM
Topical term or geographic name entry element Situación actual
General subdivision Empleo
Geographic subdivision Colombia
9 (RLIN) 37924
700 1# - ADDED ENTRY--PERSONAL NAME
Personal name García Remberto Rhenals M., Jesús Botero,
Relator term autor
9 (RLIN) 37925
942 ## - ADDED ENTRY ELEMENTS (KOHA)
Source of classification or shelving scheme Dewey Decimal Classification
Koha item type Books
Existencias
Withdrawn status Lost status Source of classification or shelving scheme Damaged status Not for loan Home library Current library Shelving location Date acquired Source of acquisition Full call number Barcode Date last seen Copy number Price effective from Koha item type
    Dewey Decimal Classification     Biblioteca Pública José María del Castillo y Rada Biblioteca Pública José María del Castillo y Rada General Stacks 04/15/2018 Donación 331.12 / L662e 430002772 05/16/2024 Ej.1 03/10/2021 Books